| 000 | 00380nam a2200133Ia 4500 | ||
|---|---|---|---|
| 008 | 211109s9999||||xx |||||||||||||| ||und|| | ||
| 082 |
_a335 _bPAV-P |
||
| 100 | _aPavanan, | ||
| 245 | 0 | _aPeristhroyikayum Socialisavum | |
| 260 |
_bDC Books _aKottayam _c1992 |
||
| 630 | _xGENERAL STACK | ||
| 650 |
_aSocialism & related systems _vEconomics _xSocial sciencesGeneralia |
||
| 942 | _cBOOK | ||
| 999 |
_c45030 _d45030 |
||